03752nam a22003257a 4500003000900000008004100009040007100050082002500121110005500146245006800201260007200269300002900341440005000370505256100420650003002981650002503011650002703036650002403063650001803087650002303105700003603128700002903164700002903193700004003222700002703262700002403289700002603313700003203339710005503371AR-CdUCM190425b ||||| |||| 00| 0 spa d aMUNICIPALIDAD PROVINCIAL DEL CUSCOcBIBLIOTECA MUNICIPAL DEL CUSCO aRev.Univ/N°135/1993 aUniversidad Nacional de San Antonio Abad del Cusco aRevista Universitaria :bÓrgano de la Universidad del Cuzco / aCusco :bUniversidad Nacional de San Antonio Abad del Cusco,c1993. a414 páginas. :c20 cm. aRevista UniversitarianAño ?, 1993, N°135. aContenido: La universidad y su tricentenario. Armando Harvey Valencia. -- El arado andino. Oscar Ladrón de Guevara. -- Tecnología del carrizo. José Felipe Azpilcueta Carbonell. -- Comportamiento de las maquinas eléctricas sobre los 3000 msnm. Jorge Chinchihualpa Gonzales. -- Evaluación de los recursos hidroeléctricos en la Región Inca. Yurin Palomino Cusipaucar. -- Estudio Micro técnico de la cuenca de Piuray para la determinación de las facturas de la filtración de aguas de la laguna de Piuray Chinchero Urubamba Cusco. Rómulo Escobedo Zapana. -- Impacto ambiental que producirá la explotación del gas de Camisea. Carlos Echegaray Adrián. -- Industrialización de los lodos sanitarios por el método de biodegradación aerobia. Mirian Salas del Pino. -- Contaminación Química del agua potable y una posible alternativa de purificación. Mario Cumpa Cayuri. -- Importancia de la fauna en la Región Inka. José Luis Venero. -- Orquídeas andinas del valle sagrado de los Inkas. Washinton Galiano Sánchez. -- Morfología fálica y cariología preliminar en la langosta peruana. Jara Moscoso. -- Introducción al estudio sobre el significado de los nombres Kechuas de las plantas. Felipe Marín Moreno. -- Aspectos del desarrollo de la genética y responsabilidad ético moral. Claudio Rodríguez Suca. -- Heterogeneidad etiológica en cinco casos de hendidura labial o palatina. Gudiel Hermoza. -- Síntesis de la enseñanza de la medicina. Humberto Covarrubias Campana. -- Estado o Región. Oscar Paredes Pando. -- La familia en el Perú algunos rasgos importantes. Rina Cornejo Muñoz. -- Ch´equesqa y Taqe dispersión y concentración en el pensamiento andino sobre el manejo de su ambiente. Washinton Rozas Álvarez. -- Propuesta de un marco conceptual para el estudio de la medicina tradicional andina. Aurelio Carmona Cruz. -- Pintura mural cuzqueña del siglo XX. Jorge Flores Ochoa. -- Algo más sobre la fundación de San Antonio Abad. Horacio Villanueva Urteaga. -- Necesidad de la comunicación interpersonal para conservación de la unidad familiar. Juvenal Pacheco Farfán. -- Los peruanismos en los Heraldos Negros. Julio Galdo Bellota. -- Miguel Hernández el poeta desconocido. Gustavo Pérez Ocampo. -- Apuntes para un estudio semántico de los Comentarios Reales de los Incas. Cesar Elguera Barrios. -- Índole Herencia. Julio Miranda Bernal. -- Proyecto del parque Tricentenario. Víctor Ribero Luque. -- Breve biografía de Iván Pérez Ruibal Rodríguez.  aAntropología cusqueña aMedicina tradicional aComunidades campesinas aFolklore cusqueño aPintura mural aPintura cusqueña aRuiz de Castilla Marín, Mario aHarvey Valencia, Armando aLadron de Guevara, Oscar aAzpilcueta Carbonell, José Felipe aMarín Moreno, Felipe aFlores Ochoa, Jorge aCornejo Muñoz, Rina aVillanueva Urteaga, Horacio aUniversidad Nacional de San Antonio Abad del Cusco